| 000 | 00426nam a22001697a 4500 | ||
|---|---|---|---|
| 005 | 20180810105033.0 | ||
| 008 | 160625b xxu||||| |||| 00| 0 eng d | ||
| 020 | _a978-0-07-065612-3 | ||
| 041 | _aeng | ||
| 082 |
_b9933 _a658.3 |
||
| 100 |
_aAswathappa, K and Dash, Sadhna _92703 |
||
| 245 | _aInternational Human Resource Management | ||
| 260 |
_bTMH _adelhi |
||
| 300 | _a316p, | ||
| 650 |
_aManagement _9241 |
||
| 942 | _cBK | ||
| 999 |
_c3893 _d3892 |
||